Information Technology Online Commerce (Record no. 32821)

MARC details
000 -LEADER
fixed length control field 00400nam a2200169Ia 4500
008 - FIXED-LENGTH DATA ELEMENTS--GENERAL INFORMATION
fixed length control field 220531s9999 xx 000 0 und d
041 ## - LANGUAGE CODE
Language code of text/sound track or separate title eng
082 ## - DEWEY DECIMAL CLASSIFICATION NUMBER
Classification number -
245 ## - TITLE STATEMENT
Title Information Technology Online Commerce
250 ## - EDITION STATEMENT
Edition statement 1
260 ## - PUBLICATION, DISTRIBUTION, ETC. (IMPRINT)
Place of publication, distribution, etc. Karnataka
Name of publisher, distributor, etc. Kinnari
Date of publication, distribution, etc. 2012
300 ## - PHYSICAL DESCRIPTION
Extent P.30
542 ## - INFORMATION RELATING TO COPYRIGHT STATUS
Copyright holder 08-08-2012
650 ## - SUBJECT ADDED ENTRY--TOPICAL TERM
Topical term or geographic name as entry element Info Technology
9 (RLIN) 57014
906 ## - LOCAL DATA ELEMENT F, LDF (RLIN)
d 2012-2013
Holdings
Withdrawn status Lost status Source of classification or shelving scheme Damaged status Not for loan Collection code Home library Current library Date acquired Vendor Cost, normal purchase price Total Checkouts Total Holds Full call number Barcode Date last seen Bill Date Koha item type Original Barcode
Withdrawn   Dewey Decimal Classification       Shri Siddhivinayak Mahila Mahavidyalaya Shri Siddhivinayak Mahila Mahavidyalaya 08/08/2012 Personal 152.00   1 -/-/B/13822 SSMM-BK-13822 06/08/2022 06/08/2022 Books 010013822